L'epreuve de mathematiques : (baccalaureats C and E)
Αποθηκεύτηκε σε:
| Κύριος συγγραφέας: | |
|---|---|
| Μορφή: | Βιβλίο |
| Γλώσσα: | French |
| Δημοσίευση: |
Paris :
Librairie Vuibert,
1976
|
| Σειρά: | Dans la meme serie
|
| Θέματα: | |
| Ετικέτες: |
Προσθήκη ετικέτας
Δεν υπάρχουν, Καταχωρήστε ετικέτα πρώτοι!
|
MARC
| LEADER | 00000cam a2200000 i 4500 | ||
|---|---|---|---|
| 001 | 1/99337 | ||
| 008 | 081212s1976 fre d | ||
| 020 | |a 2-7117-1326-1 | ||
| 035 | |l 10102423 | ||
| 040 | |a GR-MY-UA |b gre |e aacr | ||
| 041 | 0 | |a fre | |
| 082 | 0 | |a 510 |2 (22) | |
| 100 | 1 | |a Trignan, Jean. | |
| 245 | 1 | 0 | |a L'epreuve de mathematiques : |b (baccalaureats C and E) / |c Jean Trignan |
| 260 | |a Paris : |b Librairie Vuibert, |c 1976 | ||
| 300 | |a 191 σ.; |c 22 εκ. | ||
| 490 | 1 | |a Dans la meme serie | |
| 504 | |a Περιέχει βιβλιογραφικές παραπομπές | ||
| 650 | 0 | 0 | |a Mathematics. |
| 830 | 0 | |a Dans la meme serie | |
| 852 | |a INST |b SAMOS |c MAG |e 20081212 |h 510 TRI |p 005300029518 |q 005300029518 |t BK |y 0 | ||
| 901 | |a BIBL3-2008-3 | ||
| 909 | |a Σ |b 155455 | ||
| 970 | |a ΡΟΥΣΣΟΥ |b ΚΩΝΣΤΑΝΤΙΝΑ |z 2008/12/12 | ||